00333 a2200133 450000100060000002000150000604000220002110000190004324000550006224500500011730000060016736200090017365000170018262937 a8532626432 cAnchieta - Pituba aGentili, Pablo10aEducar na esperança em tempos de desencantolpor10aEducar na esperança em tempos de desencanto a 0 a2001 4aEducação